• 首页
  • 本馆介绍
  • 公告通知
  • 最新文献
  • 馆藏检索
  • 电子资源
  • 读者导购
  • 参考咨询
  • 我的图书馆
  • 登录
  • 详细信息显示
  • 放入我的书架
  • 预约/预借图书
  • 作者相关作品
  • 分类相关作品
  • 丛书相关作品
  • 出版社相关作品

书目信息

  • 表格格式
  • 工作单格式
  • 卡片格式
题名:
商君书锥指
    
 
作者: 蒋礼鸿 撰
分册:  
出版信息: 北京   中华书局  1986
页数: 164页
开本: 19cm
丛书名: 新编诸子集成
单 册:
中图分类: B22 , B226.2
科图分类:
主题词: 先秦哲学--注释 , 商君书--注释 , 先秦哲学
电子资源:
ISBN:
000 00764nam2 2200301 45
001 0186002611
005 20040429102732.0
010    @dCNY1.15
091    @a2018.248
100    @a19950803d1986 em y0chiy0121 ea
101 0  @achi
102    @aCN@b110000
105    @ay z 000yy
106    @ar
200 10 @a商君书锥指@f蒋礼鸿撰@Ashang jun shu zhui zhi
210    @a北京@c中华书局@d1986
215    @a164页@d19cm
225 2  @a新编诸子集成@v第一辑
410  0 @120010@a新编诸子集成
606    @a先秦哲学@x注释
606    @a商君书@x注释
606 0  @a先秦哲学
690    @aB22@v3
690    @aB226.2
701  0 @a蒋礼鸿@4撰@Ajiang li hong
801  0 @aCN@b深圳图书馆@c20040429
801  2 @aCN@bNLC@c20040429
905    @f2@b168334-335@dB226.2@e56
    
    商君书锥指/蒋礼鸿撰.-北京:中华书局,1986
    164页;19cm.-(新编诸子集成;第一辑)
    
    
    ISBN :CNY1.15
    
●
相关链接 在E读中查询图书 在五车中查询图书 在当当中查询图书 在豆瓣中查询图书


正题名:商君书锥指     索取号:B226.2/56         预约/预借

序号 登录号 条形码 馆藏地/架位号 状态 备注
1 0168333   001835303   密集书库/ [索取号:B226.2/56] 在馆    
2 0168334   000508123   密集书库/ [索取号:B226.2/56] 在馆    
3 0168335   000508132   第一样本阅览室/ [索取号:B226.2/56] 在馆    
4 0168336   001836641   密集书库/ [索取号:B226.2/56] 在馆    
5 0168337   001835269   密集书库/ [索取号:B226.2/56] 在馆    
唐山师范学院图书馆 欢迎您!
大连网信软件有限公司© 版权所有